000 00555nam a2200169Ia 4500
008 090201s9999 xx 000 0 und d
010 _aKPL-57748
040 _bमराठी
041 _aमराठी
082 _a8055
_b57748
100 _aसुमति क्षेत्रमाडे
245 _aनल-दमयंती
_cसुमति क्षेत्रमाडे
260 _c2004
_bनवचैतन्य प्रकाशन
300 _a176
_bमोठा
600 _aनल-दमयंती
942 _cBOOK
999 _c208696
_d208696